Bodin, Paul L'adaptation de l'enfant au milieu scolaire /

Elmentve itt :
Bibliográfiai részletek
Szerzők: Faragó László
Bodin Paul
Dokumentumtípus: Cikk
Megjelent: 1947
Sorozat:Magyar pedagógia : a Magyar Tudományos Akadémia Pedagógiai Bizottságának folyóirata 56
Kulcsszavak:Oktatásügy Franciaország 1947, Franciaország oktatásügye
Online Access:http://misc.bibl.u-szeged.hu/11760
LEADER 00749nab a2200193 i 4500
001 misc11760
005 20191106141818.0
008 170607s1947 hu o 0|| hun d
022 |a 0025-0260 
040 |a SZTE Miscellanea Repozitórium  |b hun 
041 |a hun 
100 1 |a Faragó László 
245 1 0 |a Bodin, Paul  |h [elektronikus dokumentum] :  |b L'adaptation de l'enfant au milieu scolaire /  |c  Faragó László 
260 |c 1947 
300 |a 63-64 
490 0 |a Magyar pedagógia : a Magyar Tudományos Akadémia Pedagógiai Bizottságának folyóirata  |v 56 
695 |a Oktatásügy Franciaország 1947, Franciaország oktatásügye 
700 0 1 |a Bodin Paul  |e aut 
856 4 0 |u http://misc.bibl.u-szeged.hu/11760/1/mp_1947_4322_063-064.pdf  |z Dokumentum-elérés